[Event "Gibraltar ChallWk2 12th"]
[Site "Gibraltar"]
[Date "2014.02.05"]
[Round "5.18"]
[White "Erdelyi, Tamas"]
[Black "Wynarczyk, Raymond"]
[Result "1/2-1/2"]
[WhiteElo "2132"]
[BlackElo "1973"]
[PlyCount "46"]
[EventDate "2014.02.01"]
[EventType "swiss"]
[EventRounds "5"]
[EventCountry "GGB"]
[SourceTitle "BritBase"]
[Source "www.saund.co.uk"]
[SourceDate "2018.02.10"]
[SourceVersion "1"]
[SourceVersionDate "2018.02.10"]
[SourceQuality "1"]

1. c4 e6 2. Nf3 d5 3. g3 Nf6 4. Bg2 Be7 5. O-O O-O 6. b3 c5 7. cxd5 exd5 8. Bb2
d4 9. b4 d3 10. bxc5 dxe2 11. Qxe2 Bxc5 12. Qb5 Be7 13. Ne5 Nbd7 14. d4 Qb6 15.
Qe2 Nxe5 16. dxe5 Bg4 17. Qc2 Nd7 18. Nc3 Rac8 19. Rab1 Qc5 20. Qe4 Be6 21. Nd5
Bxd5 22. Qxd5 Qxd5 23. Bxd5 Nc5 1/2-1/2

[Event "Gibraltar ChallWk2 12th"]
[Site "Gibraltar"]
[Date "2014.02.05"]
[Round "5.19"]
[White "Adebajo, Olufemi"]
[Black "Pabalan, Rocky"]
[Result "1-0"]
[WhiteElo "1979"]
[BlackElo "2103"]
[PlyCount "87"]
[EventDate "2014.02.01"]
[EventType "swiss"]
[EventRounds "5"]
[EventCountry "GGB"]
[SourceTitle "BritBase"]
[Source "www.saund.co.uk"]
[SourceDate "2018.02.10"]
[SourceVersion "1"]
[SourceVersionDate "2018.02.10"]
[SourceQuality "1"]

1. e4 c5 2. Nf3 g6 3. d4 cxd4 4. Qxd4 Nf6 5. Bb5 Nc6 6. Bxc6 bxc6 7. e5 Ng8 8.
O-O Bg7 9. Nc3 f6 10. Bf4 Qb6 11. Qd2 fxe5 12. Bxe5 Nf6 13. Rfe1 O-O 14. Bd4
Qd8 15. Rad1 Rb8 16. b4 Re8 17. a3 a5 18. Ne4 axb4 19. axb4 Nxe4 20. Rxe4 Bxd4
21. Rxd4 Qc7 22. Rh4 e5 23. Qh6 d5 24. Ng5 Re7 25. Nxh7 Rxh7 26. Qxg6+ Qg7 27.
Qe8+ Qf8 28. Qxf8+ Kxf8 29. Rxh7 Be6 30. c3 Bf7 31. Rh6 Rc8 32. g4 Kg7 33. g5
c5 34. b5 d4 35. cxd4 exd4 36. Rc6 Rxc6 37. bxc6 Be6 38. c7 Kg6 39. h4 Kh5 40.
Kf1 Bg4 41. Rc1 d3 42. Ke1 Kxh4 43. g6 Be6 44. g7 1-0

[Event "Gibraltar ChallWk2 12th"]
[Site "Gibraltar"]
[Date "2014.02.05"]
[Round "5.20"]
[White "Amos, Frank"]
[Black "Brown, David"]
[Result "1-0"]
[WhiteElo "2090"]
[BlackElo "1968"]
[PlyCount "57"]
[EventDate "2014.02.01"]
[EventType "swiss"]
[EventRounds "5"]
[EventCountry "GGB"]
[SourceTitle "BritBase"]
[Source "www.saund.co.uk"]
[SourceDate "2018.02.10"]
[SourceVersion "1"]
[SourceVersionDate "2018.02.10"]
[SourceQuality "1"]

1. e4 e5 2. Nc3 Nf6 3. Bc4 Bb4 4. a3 Bxc3 5. dxc3 d6 6. Nf3 O-O 7. Qe2 Nbd7 8.
Bg5 Nc5 9. Nd2 Ne6 10. h4 h6 11. Be3 d5 12. exd5 Nxd5 13. O-O-O c6 14. g4 Nxe3
15. fxe3 Qc7 16. g5 hxg5 17. hxg5 Rd8 18. g6 fxg6 19. Qg4 Qe7 20. Qxg6 Qe8 21.
Qh7+ Kf8 22. Rhf1+ Ke7 23. Bxe6 Bxe6 24. Qxg7+ Bf7 25. Qxe5+ Kf8 26. Rxf7+ Qxf7
27. Rf1 Rd5 28. Qh8+ Ke7 29. Rxf7+ 1-0

[Event "Gibraltar ChallWk2 12th"]
[Site "Gibraltar"]
[Date "2014.02.05"]
[Round "5.21"]
[White "Tortolero, Cesar"]
[Black "Omoifo, Osemekhian I"]
[Result "1/2-1/2"]
[WhiteElo "1952"]
[BlackElo "2076"]
[PlyCount "111"]
[EventDate "2014.02.01"]
[EventType "swiss"]
[EventRounds "5"]
[EventCountry "GGB"]
[SourceTitle "BritBase"]
[Source "www.saund.co.uk"]
[SourceDate "2018.02.10"]
[SourceVersion "1"]
[SourceVersionDate "2018.02.10"]
[SourceQuality "1"]

1. e4 d6 2. d4 g6 3. Nc3 Bg7 4. Bg5 c6 5. Qd2 Qb6 6. O-O-O Nd7 7. f4 Nf8 8. e5
d5 9. Na4 Qc7 10. h3 Ne6 11. Bh4 f6 12. Kb1 Nh6 13. g4 fxe5 14. fxe5 O-O 15.
Ne2 Rf7 16. Bg2 Bd7 17. Rhf1 Raf8 18. Rxf7 Rxf7 19. Qe3 Kh8 20. Nac3 Ng8 21. a3
b5 22. Rf1 Rxf1+ 23. Bxf1 Qd8 24. Bg3 Bh6 25. Bf4 Nxf4 26. Nxf4 Qf8 27. g5 Bxg5
28. Nce2 Qh6 29. e6 Bxf4 30. Nxf4 Be8 31. Bd3 g5 32. Ne2 Qf6 33. Qg3 Bh5 34.
Qe3 Bxe2 35. Bxe2 Nh6 36. Qg3 Kg7 37. Bd3 Nf5 38. Qg4 Nxd4 39. h4 Nxe6 40. Qh5
h6 41. hxg5 Nxg5 42. Qg4 a5 43. a4 b4 44. Qd7 Qd6 45. Qa7 c5 46. Qxa5 c4 47.
Bf5 e6 48. Qa7+ Kf6 49. Bg4 Qf4 50. Be2 b3 51. Bd1 Qd2 52. Qg1 Ne4 53. cxb3
Qd3+ 54. Bc2 Nd2+ 55. Kc1 Nxb3+ 56. Kb1 1/2-1/2

[Event "Gibraltar ChallWk2 12th"]
[Site "Gibraltar"]
[Date "2014.02.05"]
[Round "5.22"]
[White "Kozarcanin, Sead"]
[Black "Krokay, Urszula"]
[Result "0-1"]
[WhiteElo "2073"]
[BlackElo "1926"]
[PlyCount "44"]
[EventDate "2014.02.01"]
[EventType "swiss"]
[EventRounds "5"]
[EventCountry "GGB"]
[SourceTitle "BritBase"]
[Source "www.saund.co.uk"]
[SourceDate "2018.02.10"]
[SourceVersion "1"]
[SourceVersionDate "2018.02.10"]
[SourceQuality "1"]

1. e4 e5 2. Nc3 Nf6 3. g3 d5 4. exd5 Nxd5 5. Bg2 Nxc3 6. bxc3 Nc6 7. Rb1 Be6 8.
Rxb7 Bd5 9. Bxd5 Qxd5 10. Qf3 e4 11. c4 Qe6 12. Qc3 Bc5 13. Rb5 Bd4 14. Qb3 O-O
15. Ne2 Qg4 16. h3 Qe6 17. Nf4 Qf6 18. O-O a6 19. Rd5 Ne5 20. Kg2 Rab8 21. Qa4
Ba7 22. Ba3 g5 0-1

[Event "Gibraltar ChallWk2 12th"]
[Site "Gibraltar"]
[Date "2014.02.05"]
[Round "5.23"]
[White "Verneuil, Pascal"]
[Black "Othman, Mustapha"]
[Result "1-0"]
[WhiteElo "2065"]
[BlackElo "1897"]
[PlyCount "88"]
[EventDate "2014.02.01"]
[EventType "swiss"]
[EventRounds "5"]
[EventCountry "GGB"]
[SourceTitle "BritBase"]
[Source "www.saund.co.uk"]
[SourceDate "2018.02.10"]
[SourceVersion "1"]
[SourceVersionDate "2018.02.10"]
[SourceQuality "1"]

1. e4 e5 2. Nf3 Nc6 3. Bb5 a6 4. Bxc6 dxc6 5. d3 f6 6. Nbd2 Be6 7. Nf1 Bc5 8.
Be3 Qd6 9. Bxc5 Qxc5 10. Qd2 Qb6 11. c3 O-O-O 12. Ne3 Ne7 13. O-O Rhe8 14. b4
c5 15. bxc5 Qxc5 16. d4 Qa5 17. d5 f5 18. Ng5 Bg8 19. Qb2 fxe4 20. c4 c6 21.
Rab1 Qc7 22. Nxe4 cxd5 23. cxd5 Bxd5 24. Nxd5 Rxd5 25. Rfc1 Nc6 26. Nc5 Re7 27.
g3 e4 28. Qe2 Qa5 29. Nxb7 Rxb7 30. Rxc6+ Kb8 31. Rbc1 Qa4 32. R6c4 Qe8 33.
Rxe4 Qb5 34. Qc2 Rd8 35. Rc4 Rf8 36. Qxh7 g5 37. Qc2 Qb6 38. Rc8+ Rxc8 39.
Qxc8+ Ka7 40. Qc4 Rh7 41. Qc5 Rf7 42. Kg2 g4 43. Qxb6+ Kxb6 44. Rc4 Rg7 1-0

[Event "Gibraltar ChallWk2 12th"]
[Site "Gibraltar"]
[Date "2014.02.05"]
[Round "5.25"]
[White "Mortensen, Henrik"]
[Black "Nejanky, Maisa"]
[Result "1-0"]
[WhiteElo "1946"]
[BlackElo "2040"]
[PlyCount "83"]
[EventDate "2014.02.01"]
[EventType "swiss"]
[EventRounds "5"]
[EventCountry "GGB"]
[SourceTitle "BritBase"]
[Source "www.saund.co.uk"]
[SourceDate "2018.02.10"]
[SourceVersion "1"]
[SourceVersionDate "2018.02.10"]
[SourceQuality "1"]

1. e4 c5 2. Ne2 Nc6 3. c4 g6 4. d4 cxd4 5. Nxd4 Bg7 6. Be3 d6 7. Nc3 Nf6 8. f3
O-O 9. Qd2 Bd7 10. Nc2 Qa5 11. Rb1 Rfc8 12. b3 Ng4 13. Na4 Nxe3 14. Nxe3 Qe5
15. Bd3 Bh6 16. O-O Qd4 17. f4 e5 18. g3 exf4 19. gxf4 Ne5 20. Rbd1 Bxa4 21.
bxa4 d5 22. Be2 Qxd2 23. Rxd2 dxe4 24. Nd5 Kg7 25. Rd4 Nc6 26. Rxe4 Re8 27. Bd3
Rxe4 28. Bxe4 Re8 29. Bd3 f5 30. Kf2 Nd8 31. Rb1 Re6 32. a5 Rc6 33. Kf3 Ne6 34.
Rxb7+ Kf8 35. Rxa7 Bg7 36. a6 Nc5 37. Ra8+ Kf7 38. a7 Ra6 39. Rc8 Rxa7 40. Rxc5
Rxa2 41. Rc7+ Kf8 42. c5 1-0

[Event "Gibraltar ChallWk2 12th"]
[Site "Gibraltar"]
[Date "2014.02.05"]
[Round "5.26"]
[White "Sanchez Jerez, Emilio Miguel"]
[Black "Romero Valencia, Fernando"]
[Result "1-0"]
[WhiteElo "2287"]
[BlackElo "1960"]
[PlyCount "48"]
[EventDate "2014.02.01"]
[EventType "swiss"]
[EventRounds "5"]
[EventCountry "GGB"]
[SourceTitle "BritBase"]
[Source "www.saund.co.uk"]
[SourceDate "2018.02.10"]
[SourceVersion "1"]
[SourceVersionDate "2018.02.10"]
[SourceQuality "1"]

1. c4 e5 2. Nc3 Nc6 3. g3 g6 4. Bg2 Bg7 5. Rb1 a5 6. a3 Nge7 7. b4 axb4 8. axb4
d6 9. b5 Nd4 10. e3 Ne6 11. Nge2 O-O 12. O-O Ng5 13. f4 exf4 14. gxf4 Nh3+ 15.
Kh1 g5 16. f5 g4 17. Ng3 Bxc3 18. Qxg4+ Bg7 19. Nh5 Ng6 20. Bxh3 Qh4 21. Qxh4
Nxh4 22. Rg1 Bxf5 23. Rxg7+ Kh8 24. Bxf5 Nxf5 1-0

[Event "Gibraltar ChallWk2 12th"]
[Site "Gibraltar"]
[Date "2014.02.05"]
[Round "5.27"]
[White "Isherwood, Paul"]
[Black "Bhopal, Raj"]
[Result "0-1"]
[WhiteElo "2009"]
[BlackElo "2093"]
[PlyCount "66"]
[EventDate "2014.02.01"]
[EventType "swiss"]
[EventRounds "5"]
[EventCountry "GGB"]
[SourceTitle "BritBase"]
[Source "www.saund.co.uk"]
[SourceDate "2018.02.10"]
[SourceVersion "1"]
[SourceVersionDate "2018.02.10"]
[SourceQuality "1"]

1. e4 d5 2. exd5 Qxd5 3. Nf3 Nf6 4. d4 Bg4 5. Be2 Nc6 6. Be3 O-O-O 7. Nbd2 Qf5
8. h3 Nb4 9. O-O Bxf3 10. Bxf3 Qxc2 11. Qe2 Qd3 12. Qd1 Nc2 13. Qb1 Qg6 14. Qd1
Nxa1 15. Qa4 Nd5 16. Rxa1 Qa6 17. Qb3 e6 18. Nc4 Bd6 19. Be2 Kb8 20. Bd2 Nb6
21. Bg5 f6 22. Be3 Qa4 23. Qc3 Nd5 24. Qe1 Rhe8 25. Qf1 Nb6 26. Nxd6 cxd6 27.
Bb5 Qb4 28. a3 Qb3 29. a4 Re7 30. a5 Nd5 31. Bc1 Rc7 32. Bd3 Rdc8 33. Bxh7 Qc4
0-1

[Event "Gibraltar ChallWk2 12th"]
[Site "Gibraltar"]
[Date "2014.02.05"]
[Round "5.28"]
[White "Dotan, Valeria"]
[Black "Brokko, Margit"]
[Result "1/2-1/2"]
[WhiteElo "1979"]
[BlackElo "2058"]
[PlyCount "100"]
[EventDate "2014.02.01"]
[EventType "swiss"]
[EventRounds "5"]
[EventCountry "GGB"]
[SourceTitle "BritBase"]
[Source "www.saund.co.uk"]
[SourceDate "2018.02.10"]
[SourceVersion "1"]
[SourceVersionDate "2018.02.10"]
[SourceQuality "1"]

1. Nf3 d6 2. d4 c5 3. g3 Nf6 4. Bg2 Nc6 5. O-O Bg4 6. d5 Nb4 7. Ne1 Qd7 8. a3
Nbxd5 9. Bxd5 Nxd5 10. Qxd5 Bxe2 11. Nc3 Bxf1 12. Kxf1 g6 13. Kg2 Bg7 14. Be3
e6 15. Qd2 O-O 16. Bh6 a6 17. Rd1 Qc6+ 18. f3 d5 19. h4 Rfe8 20. Bxg7 Kxg7 21.
h5 f6 22. h6+ Kf7 23. Nd3 g5 24. Nf2 Rg8 25. Ng4 Rg6 26. Qe2 b5 27. Re1 Rc8 28.
Nd1 Re8 29. Ndf2 e5 30. Qd2 e4 31. fxe4 dxe4 32. Ne3 Rxh6 33. Qd5+ Qxd5 34.
Nxd5 f5 35. c4 bxc4 36. Ne3 f4 37. Nxc4 e3 38. Nd3 Rf6 39. gxf4 gxf4 40. Kf3
Rd8 41. Nxc5 Rd5 42. b4 Rh5 43. Kg4 Rh2 44. Ne5+ Kg7 45. Kf3 h5 46. Ke4 Rh4 47.
Rg1+ Kh7 48. Re1 e2 49. Nf3 Rg4 50. Rxe2 h4 1/2-1/2

[Event "Gibraltar ChallWk2 12th"]
[Site "Gibraltar"]
[Date "2014.02.05"]
[Round "5.29"]
[White "Jacobsen, Fredrik Beer"]
[Black "Perdomo Araujo, Angel Eduardo"]
[Result "0-1"]
[WhiteElo "1991"]
[BlackElo "2018"]
[PlyCount "66"]
[EventDate "2014.02.01"]
[EventType "swiss"]
[EventRounds "5"]
[EventCountry "GGB"]
[SourceTitle "BritBase"]
[Source "www.saund.co.uk"]
[SourceDate "2018.02.10"]
[SourceVersion "1"]
[SourceVersionDate "2018.02.10"]
[SourceQuality "1"]

1. e4 e6 2. d4 d5 3. Nd2 Nf6 4. e5 Nfd7 5. c3 c5 6. Bd3 Nc6 7. Ne2 cxd4 8. cxd4
f6 9. exf6 Qxf6 10. Nf3 h6 11. Bd2 Bd6 12. Rc1 O-O 13. Bb5 Ne7 14. Rxc8 Raxc8
15. Bxd7 Rc7 16. Bb5 Qg6 17. Ng3 Qc2 18. Qxc2 Rxc2 19. Bd7 Rxb2 20. Bxe6+ Kh7
21. Bc1 Rxa2 22. O-O b5 23. Nh4 Bxg3 24. hxg3 b4 25. Bf4 b3 26. Rb1 b2 27. Kh2
g5 28. Bd6 Rf6 29. Bxe7 Rxe6 30. Nf5 Re2 31. Ne3 Ra1 32. Rxb2 Rxb2 33. Nxd5
Rxf2 0-1

[Event "Gibraltar ChallWk2 12th"]
[Site "Gibraltar"]
[Date "2014.02.05"]
[Round "5.30"]
[White "Rios Gonzalez, Jose Antonio"]
[Black "Samu, Sorin-Mihai"]
[Result "0-1"]
[WhiteElo "1912"]
[BlackElo "2119"]
[PlyCount "53"]
[EventDate "2014.02.01"]
[EventType "swiss"]
[EventRounds "5"]
[EventCountry "GGB"]
[SourceTitle "BritBase"]
[Source "www.saund.co.uk"]
[SourceDate "2018.02.10"]
[SourceVersion "1"]
[SourceVersionDate "2018.02.10"]
[SourceQuality "1"]

1. e4 d6 2. c4 Nf6 3. Nc3 c5 4. g3 Nc6 5. Bg2 g6 6. Nge2 Bg7 7. d3 O-O 8. h3 a6
9. a4 Rb8 10. Be3 e5 11. Qd2 Nd4 12. Rb1 Bd7 13. O-O Bxh3 14. f3 Bxg2 15. Kxg2
Qd7 16. Rh1 h5 17. b4 b5 18. axb5 axb5 19. Bxd4 cxd4 20. Nxb5 d5 21. Na3 dxe4
22. dxe4 Nh7 23. c5 f5 24. Qa2+ Kh8 25. Qd5 Qa4 26. Qb3 Qa8 27. Nc4 0-1

[Event "Gibraltar ChallWk2 12th"]
[Site "Gibraltar"]
[Date "2014.02.05"]
[Round "5.32"]
[White "Bucknell, Malcolm Gordon"]
[Black "Schouten, Freek"]
[Result "1/2-1/2"]
[WhiteElo "1947"]
[BlackElo "2068"]
[PlyCount "61"]
[EventDate "2014.02.01"]
[EventType "swiss"]
[EventRounds "5"]
[EventCountry "GGB"]
[SourceTitle "BritBase"]
[Source "www.saund.co.uk"]
[SourceDate "2018.02.10"]
[SourceVersion "1"]
[SourceVersionDate "2018.02.10"]
[SourceQuality "1"]

1. d4 Nf6 2. Nf3 e6 3. g3 d5 4. Bg2 Be7 5. O-O O-O 6. c4 dxc4 7. Qc2 a6 8. Qxc4
b5 9. Qc2 Bb7 10. Bf4 Nd5 11. Bd2 Nd7 12. Rd1 Rc8 13. Ba5 Qe8 14. Nc3 c5 15.
Nxd5 Bxd5 16. Qd2 Nf6 17. Qf4 cxd4 18. Nxd4 Bxg2 19. Kxg2 Bc5 20. Nf3 Qe7 21.
a3 Nd5 22. Qd2 Qa7 23. e3 Bb6 24. Bxb6 Qxb6 25. Kg1 Rc7 26. Rac1 h6 27. Rxc7
Qxc7 28. Nd4 Rc8 29. Qe2 Nb6 30. h4 Qe5 31. Qf3 1/2-1/2

[Event "Gibraltar ChallWk2 12th"]
[Site "Gibraltar"]
[Date "2014.02.05"]
[Round "5.33"]
[White "Georgieva, Emilia"]
[Black "Ramirez Dominguez, Agustin"]
[Result "1/2-1/2"]
[WhiteElo "1933"]
[BlackElo "2060"]
[PlyCount "100"]
[EventDate "2014.02.01"]
[EventType "swiss"]
[EventRounds "5"]
[EventCountry "GGB"]
[SourceTitle "BritBase"]
[Source "www.saund.co.uk"]
[SourceDate "2018.02.10"]
[SourceVersion "1"]
[SourceVersionDate "2018.02.10"]
[SourceQuality "1"]

1. d4 Nf6 2. Nf3 g6 3. c3 d6 4. Bg5 Bg7 5. e3 Nbd7 6. Nbd2 b6 7. Qc2 Bb7 8. h4
c6 9. Bxf6 Nxf6 10. e4 Qc7 11. Qb3 e5 12. Be2 O-O 13. dxe5 dxe5 14. Ng5 h6 15.
h5 hxg5 16. hxg6 a5 17. gxf7+ Rxf7 18. Bc4 b5 19. Bxf7+ Qxf7 20. f3 Bc8 21.
Qxf7+ Kxf7 22. g4 Be6 23. a3 Bf8 24. Nf1 c5 25. Ng3 b4 26. axb4 cxb4 27. Ne2
Bb3 28. cxb4 Bxb4+ 29. Nc3 Rd8 30. O-O Rd2 31. Na4 Bxa4 32. Rxa4 Rxb2 33. Rfa1
Nd7 34. Rxa5 Bxa5 35. Rxa5 Rb6 36. Kg2 Ke6 37. Ra8 Rb8 38. Ra6+ Rb6 39. Ra8 Nb8
40. Ra2 Nd7 41. Ra7 Ke7 42. Ra8 Rd6 43. Ra5 Ke6 44. Ra8 Nf6 45. Ra7 Rd2+ 46.
Kg3 Rd3 47. Kf2 Rd2+ 48. Ke3 Rd1 49. Kf2 Rh1 50. Kg2 Re1 {Unable to
reconstruct remaining moves} 1/2-1/2

[Event "Gibraltar ChallWk2 12th"]
[Site "Gibraltar"]
[Date "2014.02.05"]
[Round "5.34"]
[White "Tarr, Steve F"]
[Black "Ungureanu, Sandu"]
[Result "0-1"]
[WhiteElo "1753"]
[BlackElo "2014"]
[PlyCount "176"]
[EventDate "2014.02.01"]
[EventType "swiss"]
[EventRounds "5"]
[EventCountry "GGB"]
[SourceTitle "BritBase"]
[Source "www.saund.co.uk"]
[SourceDate "2018.02.10"]
[SourceVersion "1"]
[SourceVersionDate "2018.02.10"]
[SourceQuality "1"]

1. d4 b6 2. Bf4 Bb7 3. e3 f5 4. Nf3 Nf6 5. Bd3 e6 6. Nbd2 h6 7. h3 g5 8. Bh2
Bg7 9. Qe2 Nc6 10. c3 d5 11. Ne5 O-O 12. g4 Nxe5 13. Bxe5 Ne4 14. Bxg7 Kxg7 15.
O-O-O Qf6 16. Rh2 f4 17. Bxe4 dxe4 18. h4 Rh8 19. Rdh1 Raf8 20. Qc4 gxh4 21.
Rxh4 Qe7 22. Qb5 Qg5 23. Qd7+ Rf7 24. Qxe6 Re7 25. Qf5 Qxf5 26. gxf5 fxe3 27.
fxe3 Kf6 28. Nc4 Kxf5 29. Ne5 Rg7 30. Rh5+ Ke6 31. Nc4 Rgh7 32. d5+ Kd7 33.
Ne5+ Kc8 34. c4 Kb8 35. R1h4 Bc8 36. Nc6+ Kb7 37. Rxe4 Rg7 38. Kd2 Rg5 39. Reh4
Rxh5 40. Rxh5 Bg4 41. Rh4 Bd7 42. Ne5 Be8 43. e4 h5 44. Nf3 Rg8 45. e5 Rg2+ 46.
Kc1 Bg6 47. Rh2 Rg4 48. b3 Kc8 49. e6 Be8 50. Ne5 Re4 51. Nf7 h4 52. Kd2 Bxf7
53. exf7 Rf4 54. Rxh4 Rxf7 55. Re4 a5 56. a4 Kd7 57. Kd3 Rf3+ 58. Re3 Rf4 59.
Kc3 Rf1 60. Rh3 Rc1+ 61. Kb2 Rg1 62. Rh6 Rg3 63. Rc6 Rg2+ 64. Ka3 Rd2 65. Rh6
Kd8 66. Rh7 Kc8 67. Rh3 Kd7 68. b4 Rd1 69. bxa5 bxa5 70. Rh2 Ra1+ 71. Kb3 Rb1+
72. Rb2 Rh1 73. Kc3 Rc1+ 74. Kb3 Kd6 75. Rc2 Rh1 76. Rc3 Kc5 77. Rg3 Rb1+ 78.
Ka2 Rb4 79. Rg7 Rb7 80. Ka3 Kd6 81. Rg6+ Kc5 82. Rc6+ Kd4 83. d6 cxd6 84. Rxd6+
Kc3 85. c5 Rb3+ 86. Ka2 Rb2+ 87. Ka1 Rb4 88. c6 Kc2 0-1

[Event "Gibraltar ChallWk2 12th"]
[Site "Gibraltar"]
[Date "2014.02.05"]
[Round "5.35"]
[White "Hamer, Martyn"]
[Black "Oliveira, Maria Alice Ramos M"]
[Result "1-0"]
[WhiteElo "2017"]
[BlackElo "1487"]
[PlyCount "47"]
[EventDate "2014.02.01"]
[EventType "swiss"]
[EventRounds "5"]
[EventCountry "GGB"]
[SourceTitle "BritBase"]
[Source "www.saund.co.uk"]
[SourceDate "2018.02.10"]
[SourceVersion "1"]
[SourceVersionDate "2018.02.10"]
[SourceQuality "1"]

1. Nf3 Nf6 2. c4 g6 3. g3 Bg7 4. Bg2 O-O 5. O-O d6 6. d4 Nbd7 7. Nc3 e5 8. e4
c6 9. Rb1 Re8 10. h3 exd4 11. Nxd4 Nc5 12. Re1 Ne6 13. Be3 Nxd4 14. Bxd4 Be6
15. Qd3 a5 16. Rbd1 Bf8 17. f4 c5 18. Bf2 Qb6 19. b3 Rad8 20. g4 Bc8 21. Bh4
Be7 22. Bxf6 Bxf6 23. Nd5 Bd4+ 24. Qxd4 1-0

[Event "Gibraltar ChallWk2 12th"]
[Site "Gibraltar"]
[Date "2014.02.05"]
[Round "5.36"]
[White "Gajic, Bozur"]
[Black "Lochte, Szilvia"]
[Result "0-1"]
[WhiteElo "1698"]
[BlackElo "1952"]
[PlyCount "52"]
[EventDate "2014.02.01"]
[EventType "swiss"]
[EventRounds "5"]
[EventCountry "GGB"]
[SourceTitle "BritBase"]
[Source "www.saund.co.uk"]
[SourceDate "2018.02.10"]
[SourceVersion "1"]
[SourceVersionDate "2018.02.10"]
[SourceQuality "1"]

1. b3 d5 2. Bb2 Nc6 3. e3 a6 4. g3 e5 5. Bg2 Nf6 6. Ne2 Bd6 7. d3 Bg4 8. f3 Bd7
9. Nd2 Qe7 10. O-O h5 11. h4 O-O-O 12. e4 Rhg8 13. exd5 Nxd5 14. Nc4 Bc5+ 15.
Kh2 g5 16. hxg5 Qxg5 17. d4 exd4 18. f4 Qf5 19. Nxd4 Bxd4 20. Bxd4 h4 21. Bf2
hxg3+ 22. Bxg3 Qh7+ 23. Kg1 Rxg3 24. Qxd5 Bh3 25. Qxd8+ Nxd8 26. Ne3 Rxe3 0-1

[Event "Gibraltar ChallWk2 12th"]
[Site "Gibraltar"]
[Date "2014.02.05"]
[Round "5.37"]
[White "Haddock, Paul"]
[Black "Andersen, Daniel"]
[Result "0-1"]
[WhiteElo "1649"]
[BlackElo "1964"]
[PlyCount "91"]
[EventDate "2014.02.01"]
[EventType "swiss"]
[EventRounds "5"]
[EventCountry "GGB"]
[SourceTitle "BritBase"]
[Source "www.saund.co.uk"]
[SourceDate "2018.02.10"]
[SourceVersion "1"]
[SourceVersionDate "2018.02.10"]
[SourceQuality "1"]

1. e4 e6 2. d4 d5 3. e5 c5 4. c3 Nc6 5. Nf3 Bd7 6. Be2 Nge7 7. O-O Nf5 8. dxc5
Bxc5 9. Bf4 Qc7 10. Bd3 Nfe7 11. Bg3 Ng6 12. Re1 a6 13. Nbd2 Qb6 14. Nb3 Be7
15. Qd2 O-O 16. Nbd4 Na5 17. Qe2 Rfc8 18. Rac1 Nc4 19. Bxc4 Rxc4 20. h4 h6 21.
h5 Nf8 22. Bh4 Qd8 23. Bxe7 Qxe7 24. Rcd1 b5 25. g3 b4 26. cxb4 Qxb4 27. Qd2
Qxd2 28. Rxd2 Rac8 29. Ree2 Bb5 30. Nxb5 axb5 31. Nd4 b4 32. Rc2 Nd7 33. f4 Nc5
34. b3 Rc3 35. Rxc3 bxc3 36. Rc2 Ne4 37. Kg2 Kf8 38. g4 Ke7 39. Kf3 g6 40. hxg6
fxg6 41. Ke3 h5 42. gxh5 gxh5 43. Kf3 Rg8 44. Rg2 Rc8 45. Rg7+ Kf8 46. Rg2 {
Unable to read remaining moves} 0-1